Les 100 meilleurs joueurs de EA FC 26 - Statistiques

Statistiques générales
  • Ce quiz a été pris 793 fois
  • Le résultat moyen est 69 sur 130
Statistiques - réponses
Rang Poste Note Joueur % Correct
2 BU 91 KYLIAN MBAPPE
98%
3 BU 90 OUSMANE DEMBELE
95%
10 MD 89 LAMINE YAMAL
94%
7 BU 90 ERLING HAALAND
93%
1 MD 91 MOHAMED SALAH
92%
4 MDC 90 RODRI
92%
9 DD 89 ACHRAF HAKIMI
89%
12 G 89 GIANLUIGI DONNARUMMA
89%
5 DC 90 VIRGIL VAN DIJK
89%
16 BU 89 HARRY KANE
87%
18 AG 89 VINICIUS JR
87%
11 MC 89 VITINHA
87%
6 MOC 90 JUDE BELLINGHAM
86%
83 AG 85 HEUNG MIN SON
85%
13 MC 89 PEDRI
84%
8 MG 89 RAPHINHA
84%
20 G 89 THIBAUT COURTOIS
81%
21 BU 88 ROBERT LEWANDOWSKI
80%
15 G 89 ALISSON
79%
19 MOC 89 FLORIAN WIRTZ
77%
36 DC 87 MARQUINHOS
77%
50 DG 86 NUNO MENDES
77%
90 BU 85 CRISTIANO RONALDO
76%
60 AD 86 LIONEL MESSI
76%
75 AD 85 DESIRE DOUE
75%
14 MDC 89 JOSHUA KIMMICH
74%
29 AG 87 KHVICHA KVARATSKHELIA
74%
70 G 85 EMILIANO MARTINEZ
73%
89 DC 85 INIGO MARTINEZ
73%
22 BU 88 LAUTARO MARTINEZ
73%
57 DC 86 WILLIAN PACHO
73%
71 MC 85 JOAO NEVES
72%
40 DC 87 WILLIAM SALIBA
72%
23 BU 88 ALEXANDER ISAK
70%
26 AD 88 BUKAYO SAKA
70%
17 MC 89 FEDERICO VALVERDE
70%
28 MOC 87 COLE PALMER
66%
24 MOC 88 JAMAL MUSIALA
66%
85 MC 85 FABIAN RUIZ
65%
32 MC 87 KEVIN DE BRUYNE
65%
52 MD 86 MICHAEL OLISE
65%
25 DC 88 GABRIEL
64%
38 DD 87 JULES KOUNDE
63%
37 G 87 YANN SOMMER
63%
39 MOC 87 BRUNO FERNANDES
62%
35 MDC 87 DECLAN RICE
62%
45 MC 87 MARTIN ODEGAARD
62%
58 DC 86 IBRAHIMA KONATE
61%
27 G 88 JAN OBLAK
61%
91 AD 85 RODRYGO
61%
47 BU 87 VIKTOR GYOKERES
61%
33 MC 87 FRENKIE DE JONG
60%
64 G 86 MARC-ANDRE TER STEGEN
59%
51 DC 86 ANTONIO RUDIGER
58%
44 G 87 MIKE MAIGNAN
58%
54 DC 86 RUBEN DIAS
58%
72 BU 85 ANTOINE GRIEZMANN
56%
46 G 87 DAVID RAYA
56%
Paris SG
56%
Real Madrid
56%
30 DC 87 ALESSANDRO BASTONI
55%
76 DD 85 CARVAJAL
55%
FC Barcelone
55%
41 BU 87 JULIAN ALVAREZ
55%
Liverpool
55%
Manchester City
55%
53 DD 86 TRENT ALEXANDER-ARNOLD
55%
78 BU 85 MARCUS THURAM
54%
Bayern Munich
53%
Arsenal
52%
Inter Milan
52%
48 MC 87 NICOLO BARELLA
52%
84 AD 85 PHIL FODEN
52%
43 MC 87 ALEXIS MAC ALLISTER
51%
66 G 86 EDERSON
51%
93 DC 85 DAYOT UPAMECANO
50%
Manchester United
50%
34 MDC 87 MOISES CAICEDO
50%
31 BU 87 SERHOU GUIRASSY
50%
AC Milan
49%
80 MG 85 LUIS DIAZ
49%
Chelsea
48%
Atletico Madrid
45%
Borussia Dortmund
45%
88 BU 85 KARIM BENZEMA
44%
Naples
43%
92 MOC 85 DANI OLMO
42%
42 DC 87 JONATHAN TAH
42%
74 MDC 85 N'GOLO KANTE
42%
Al-Nassr
41%
Aston Villa
41%
67 DG 85 FEDERICO DIMARCO
41%
Inter Miami
41%
65 G 86 GREGOR KOBEL
39%
Juventus
39%
69 MDC 85 RYAN GRAVENBERCH
39%
49 BU 87 VICTOR OSIMHEN
39%
96 DG 84 THEO HERNANDEZ
36%
56 MC 86 BRUNO GUIMARAES
34%
68 MC 85 SCOTT MC TOMINAY
34%
AS Roma
33%
55 MOC 86 PAULO DYBALA
32%
73 AD 85 BRYAN MBEUMO
31%
59 MDC 86 HAKAN CALHANOGLU
31%
Newcastle United
31%
62 MG 86 NICO WILLIAMS
31%
61 MDC 86 SANDRO TONALI
31%
63 MC 86 TIJJANI REIJNDERS
29%
Al-Hilal
28%
Galatasaray
28%
Los Angeles FC
28%
77 G 85 UNAI SIMON
27%
Athletic Bilbao
26%
Bayer Leverkusen
26%
Al-Ittihad
25%
98 MC 84 RODRIGO DE PAUL
25%
95 DC 85 BREMER
23%
99 DD 84 JOAO CANCELO
23%
97 DD 84 MARCOS LLORENTE
23%
82 DC 85 NICO SCHLOTTERBECK
22%
86 MC 85 YOURI TIELEMANS
18%
Fenerbahce
17%
94 BU 85 PATRIK SCHICK
17%
RB Leipzig
17%
87 MDC 85 GRANIT XHAKA
14%
100 MOC 84 SANCET
12%
79 G 85 PETER GULACSI
11%
81 G 85 DE GEA
9%
Fiorentina
8%
Sunderland
8%
Aucun quiz correspondant
Distribution des résultats
% des personnes avec chaque résultat
Percentile par nombre de réponses
Votre historique - résultats
Vous n’avez pas pris ce quiz